Power annual report,1967. (Record no. 510036)

MARC details
000 -LEADER
fixed length control field 00659nam a2200229Ia 4500
003 - CONTROL NUMBER IDENTIFIER
control field OSt
005 - DATE AND TIME OF LATEST TRANSACTION
control field 20220925185149.0
008 - FIXED-LENGTH DATA ELEMENTS--GENERAL INFORMATION
fixed length control field 220923b |||||||| |||| 00| 0 eng d
037 ## - SOURCE OF ACQUISITION
Terms of availability General Book
040 ## - CATALOGING SOURCE
Original cataloging agency RTL
Transcribing agency RTL
Language of cataloging eng
041 ## - LANGUAGE CODE
Source of code eng
Language code of text/sound track or separate title eng
110 ## - MAIN ENTRY--CORPORATE NAME
Corporate name or jurisdiction name as entry element TENESSEE VALLY AUTHORITY
9 (RLIN) 233222
245 #0 - TITLE STATEMENT
Title Power annual report,1967.
260 ## - PUBLICATION, DISTRIBUTION, ETC.
Place of publication, distribution, etc. America
Name of publisher, distributor, etc. Tenessee Vally Authority
Date of publication, distribution, etc. 1967
300 ## - PHYSICAL DESCRIPTION
Extent 41p.
Dimensions cm.
700 ## - ADDED ENTRY--PERSONAL NAME
Personal name TENESSEE VALLY AUTHORITY
9 (RLIN) 233223
942 ## - ADDED ENTRY ELEMENTS (KOHA)
Classification part X9(D66).73N70<N67r, K7
Koha item type General Books
Source of classification or shelving scheme Colon Classification (CC)

No items available.

Copyright @ Delhi University Library System